000 00491nam a2200169Ia 4500
001 62788
008 180518n ii |||gr||||Z||||||bed
082 _a891.49
110 _aKendriya Hindi Niddasaloi.
_cNew Delhi).
245 0 _aHindi - Bodo Bartalap Pustika
_cKendriya Hindi Niddasaloi
_hTextual Documents
250 _aIst Ed - 2009.
260 _aNew Delhi:
_bKendriya Hindi Niddasaloi.
300 _a133p:
_c21cm.
653 _aBodo literature
653 _aG - Bodo
942 _2ddc
_cBK
999 _c63895
_d63895